<?xml version="1.0" encoding="UTF-8"?>
<record
    xmlns:xsi="http://www.w3.org/2001/XMLSchema-instance"
    xsi:schemaLocation="http://www.loc.gov/MARC21/slim http://www.loc.gov/standards/marcxml/schema/MARC21slim.xsd"
    xmlns="http://www.loc.gov/MARC21/slim">

  <leader>01181nam a2200241 u 4500</leader>
  <controlfield tag="001">78300</controlfield>
  <controlfield tag="003">BD-RjUL</controlfield>
  <controlfield tag="005">20211209083120.0</controlfield>
  <controlfield tag="008">210906q19601966ir     ||b   |00010 ara||</controlfield>
  <datafield tag="035" ind1=" " ind2=" ">
    <subfield code="a">(BD-RjUL)78526</subfield>
  </datafield>
  <datafield tag="040" ind1=" " ind2=" ">
    <subfield code="a">UkOxU</subfield>
    <subfield code="b">eng</subfield>
    <subfield code="c">BD-RjUL</subfield>
  </datafield>
  <datafield tag="041" ind1="0" ind2=" ">
    <subfield code="a">araper</subfield>
  </datafield>
  <datafield tag="082" ind1=" " ind2=" ">
    <subfield code="2">23</subfield>
    <subfield code="a">181.071767</subfield>
    <subfield code="b">SHM 1966</subfield>
  </datafield>
  <datafield tag="100" ind1="1" ind2=" ">
    <subfield code="a"> &#x634;&#x64A;&#x631;&#x627;&#x632;&#x64A; &#x645;&#x62D;&#x645;&#x62F; &#x635;&#x62F;&#x631; &#x627;&#x644;&#x62F;&#x64A;&#x646;  ;; Sh&#x12B;r&#x101;z&#x12B;, Mu&#x1E25;ammad &#x1E62;adr al-D&#x12B;n</subfield>
    <subfield code="d">-1641.</subfield>
    <subfield code="9">247418</subfield>
  </datafield>
  <datafield tag="245" ind1="1" ind2="4">
    <subfield code="a">&#x627;&#x644;&#x645;&#x638;&#x627;&#x647;&#x631; &#x627;&#x644;&#x625;&#x644;&#x647;&#x64A;&#x629; ;; al-Ma&#x1E93;&#x101;hir al-Il&#x101;h&#x12B;yah /</subfield>
    <subfield code="c">&#x644;&#x645;&#x624;&#x644;&#x641;&#x647; &#x635;&#x62F;&#x631; &#x627;&#x644;&#x62F;&#x64A;&#x646; &#x645;&#x62D;&#x645;&#x62F; &#x627;&#x644;&#x634;&#x64A;&#x631;&#x627;&#x632;&#x64A; &#x61B; &#x62D;&#x642;&#x642;&#x647; &#x648;&#x642;&#x62F;&#x645; &#x644;&#x647; &#x648;&#x639;&#x644;&#x642; &#x639;&#x644;&#x64A;&#x647; &#x62C;&#x644;&#x627;&#x644; &#x627;&#x644;&#x62F;&#x64A;&#x646; &#x622;&#x634;&#x62A;&#x64A;&#x627;&#x646;&#x64A;.;; &#x1E62;adr al-D&#x12B;n Mu&#x1E25;ammad al-Sh&#x12B;r&#x101;z&#x12B; ; &#x1E25;aqqaqahu wa-qaddama lahu wa-&#x2BF;allaqa &#x2BF;alayhi Jal&#x101;l al-D&#x12B;n &#x100;shtiy&#x101;n&#x12B;.</subfield>
  </datafield>
  <datafield tag="260" ind1=" " ind2=" ">
    <subfield code="a">&#x645;&#x634;&#x647;&#x62F; :Mashhad :</subfield>
    <subfield code="b">&#x686;&#x627;&#x67E;&#x62E;&#x627;&#x646;&#x6C0; &#x62E;&#x631;&#x627;&#x633;&#x627;&#x646; &#x60C;;; Ch&#x101;pkh&#x101;nah-&#x2BC;i Khur&#x101;s&#x101;n,</subfield>
    <subfield code="c">[196-?]</subfield>
  </datafield>
  <datafield tag="300" ind1=" " ind2=" ">
    <subfield code="a">128 p. ;</subfield>
    <subfield code="c">24cm.</subfield>
  </datafield>
  <datafield tag="504" ind1=" " ind2=" ">
    <subfield code="a">Includes bibliographical references.</subfield>
  </datafield>
  <datafield tag="650" ind1=" " ind2="0">
    <subfield code="a">Islamic philosophy</subfield>
    <subfield code="v">Early works to 1800.</subfield>
    <subfield code="9">247419</subfield>
  </datafield>
  <datafield tag="700" ind1="1" ind2=" ">
    <subfield code="a">&#x634;&#x62A;&#x64A;&#x627;&#x646;&#x64A;&#x60C; &#x62C;&#x644;&#x627;&#x644; &#x627;&#x644;&#x62F;&#x64A;&#x646;.;; &#x100;shtiy&#x101;n&#x12B;, Jal&#x101;l al-D&#x12B;n.</subfield>
    <subfield code="9">247421</subfield>
  </datafield>
  <datafield tag="942" ind1=" " ind2=" ">
    <subfield code="2">ddc</subfield>
    <subfield code="c">BK</subfield>
  </datafield>
  <datafield tag="999" ind1=" " ind2=" ">
    <subfield code="c">78300</subfield>
    <subfield code="d">78300</subfield>
  </datafield>
  <datafield tag="952" ind1=" " ind2=" ">
    <subfield code="0">0</subfield>
    <subfield code="1">0</subfield>
    <subfield code="2">ddc</subfield>
    <subfield code="4">0</subfield>
    <subfield code="7">1</subfield>
    <subfield code="8">NFIC</subfield>
    <subfield code="a">RUCL</subfield>
    <subfield code="b">RUCL</subfield>
    <subfield code="c">Reading</subfield>
    <subfield code="d">1995-03-19</subfield>
    <subfield code="e">N/A</subfield>
    <subfield code="l">0</subfield>
    <subfield code="o">A 181.071767 SHM 1966</subfield>
    <subfield code="r">2021-09-06 00:00:00</subfield>
    <subfield code="t">C-1</subfield>
    <subfield code="w">2021-09-06</subfield>
    <subfield code="y">BK</subfield>
  </datafield>
</record>
